| 000 | 00346nam a22001217a 4500 | ||
|---|---|---|---|
| 082 | _a220 PRO | ||
| 100 |
_aMARIAM,SARA,UMER _972179 |
||
| 245 | _aPR-SOF-1005-INTELLIGENT DRIVING SYSTEM (IDRIS) | ||
| 260 |
_aISLAMABAD _bNUST COLLEGE OF EME _c2010 |
||
| 650 |
_aDE-MTS-28 _972180 |
||
| 700 |
_aSUPERVISOR DR KUNWAR FARAZ AHMAD _972181 |
||
| 942 | _cCR | ||
| 999 |
_c578333 _d578333 |
||